Регионална библиотека "Любен Каравелов" - Русе

Курс по латински език (Запис номер 44523)

MARC детайли
000 -Лидер
Контролно поле с фиксирана дължина 01554nam a2200397 c 4500
003 - Код на организацията, давaща контролен номер
Контролно поле BLK
005 - Дата и час на последна редакция
Контролно поле 20240205152916.0
008 - Елементи от данни с фиксирана дължина
fixed length control field 180408b bul|||||r ||||||| ||bul||
010 ## - Наследен системен номер
LC control number KNG00048297000
040 ## - Източник на каталожния запис
Идентификатор на билиотеката - собственик на записа BLK
041 ## - Код за език
Код за езика на текст/звукозапис или на отделно заглавие Български
-- Латински
Код за езика КДБФ Български
080 ## - УДК
Текстов определител УДК Латински език
УДК код - определител по УДК 811.124
УДК определител (075.8)
УДК - код + определител 811.124(075.8)
100 1# - Редна дума - Автор
Автор Гандева, Руска Петкова
Авторска отговорност първи автор
R(LIN) 279464
139 ## - Редно поле
Редна дума Гандева, Руска Петкова и др.
Авторски знак Ган - Г 19
245 10 - Сведения за заглавието
Заглавие Курс по латински език
Подзаглавни данни Учебник за студ. от СУ Св. Кл. Охридски
Редно поле (дума) Руска Петкова Гандева, Йордан Илиев Братков, Александър Милев Иванов.
250 ## - Област на изданието
Сведения за изданието 5. изд.
257 ## - Страна на издаване
Страна на създаване/издаване България
260 ## - Област на издателските данни
Място на издаване, разпространение и проч. София
Име на издателя, разпространителя и проч. Наука и изкуство
Година на издаване 1975
300 ## - Физическа характеристика
Страници 211 с.
Размери/Мащаб 21 см
380 ## - Жанр
Жанр Езикознание. Филология
500 ## - Общи забележки
Забележка 1. изд. 1950<br/>8 073 тир
650 #4 - Допълнително описание по предмет – тема
Основно описание – тема или топоним Латински език - текстове - учебници за ВУЗ
9 (RLIN) 258946
653 ## - Ключова дума – ненормативна
Ключова дума латински език
653 ## - Ключова дума – ненормативна
Ключова дума учебници за ВУЗ
700 1# - Други автори (авторска отговорност)
Лично име Братков, Йордан Илиев
Автороска отговорност (Описва отношението между автора и произведението) съавт.
9 (RLIN) 279465
700 1# - Други автори (авторска отговорност)
Лично име Иванов, Александър Милев
Автороска отговорност (Описва отношението между автора и произведението) съавт.
9 (RLIN) 367926
852 ## - Местоположение
Форматна сигнатура Цб 77557
Фондова буква Хранилище
856 4# - Електронен адрес и достъп
Електронен формат pdf - файл
856 4# - Електронен адрес и достъп
Електронен формат pdf - файл
942 ## - АРТИКУЛИ
Вид на библиотечния материал Книги
Скрит в OPAC Не
Периодичен библиозапис Да
944 ## - СЪЗДАВАНЕ И РЕДАКЦИЯ на ЗАПИСА
Създаване/Редакция Създаване
Дата на регистрацията/редакция 28.02.2005
Служител, извършил регистрацията/редакцията 30529
Статус, дата на статуса Диана Гривева
944 ## - СЪЗДАВАНЕ И РЕДАКЦИЯ на ЗАПИСА
Създаване/Редакция Редакция
Дата на регистрацията/редакция 17.03.2005
944 ## - СЪЗДАВАНЕ И РЕДАКЦИЯ на ЗАПИСА
Създаване/Редакция Редакция
Дата на регистрацията/редакция 2022-10-05
999 ## - СИСТЕМНИ КОНТРОЛНИ НОМЕРА
Koha biblionumber 44523
Koha biblioitemnumber 44523
999 ## - СИСТЕМНИ КОНТРОЛНИ НОМЕРА
Koha biblioitemnumber 44523
999 ## - СИСТЕМНИ КОНТРОЛНИ НОМЕРА
Koha biblioitemnumber 44523
Наличности
Код за отписване Код за изгубен артикул Код за повреда Коз за рестрикции Код за отдаване Артикулен № Име на библиотеката - собственик Име на библиотеката, в която се намира в момента Статус (Текущо местоположение) Дата на вписване в системата Местоположение - отдел Цена в лева Инвентарен номер Систематично азбучна сигнатура Баркод Номер на екземпляра Цена в евро Служебна бележка Служебен тип на артикула Източник на класификационната схема Бележка за публиката
  Не е изгубен Не е повреден без рестрикции заемане за дома 70258 Регионална библиотека "Любен Каравелов" Русе Регионална библиотека "Любен Каравелов" Русе ЧЧЗО - англ. ез. - Британски съвет 2005-02-28 ЧЧЗО - англ. ез. - Британски съвет 4.00 120000691818 Ч3 802/809/Г 19 120000691818 1 2.05 Дост: DA Вид: А N: 4 Дата: 11.02.2005 Дата инв: 20.03.2015 Бележки инв: Ч32015 Книги    
  Не е изгубен Не е повреден без рестрикции ползва се в читалня 70259 Регионална библиотека "Любен Каравелов" Русе Регионална библиотека "Любен Каравелов" Русе Хранилище 1972-01-01 Хранилище 0.66 190786 Цб 77557 120000190786 2 0.34 Дост: Dp Вид: Д N: стар фонд Дата: 01.01.1972 Книги Universal Decimal Classification  
Изтеглен Не е изгубен Не е повреден без рестрикции заемане за дома 70260 Регионална библиотека "Любен Каравелов" Русе Регионална библиотека "Любен Каравелов" Русе   1972-01-01 Заемна - подръчен фонд 0.66 193592 П 807/Г 19 193592 3 0.34 Дост: Pk Вид: Ф N: стар фонд Дата: 01.01.1972 Книги   Отч.N: 23/2018 , Дата: 26.03.2018
Изтеглен Не е изгубен Не е повреден без рестрикции заемане за дома 70261 Регионална библиотека "Любен Каравелов" Русе Регионална библиотека "Любен Каравелов" Русе   1972-01-01 Заемна - подръчен фонд 0.66 193594 П 807/Г 19 193594 4 0.34 Дост: Pk Вид: Ф N: стар фонд Дата: 01.01.1972 Книги   Отч.N: 23/2018 , Дата: 26.03.2018
Vip Innovations Ltd, Rousse, Bulgaria 2025